Economic Impacts of Travel and Tourism in Two CEE Destinations

Metodológia výpočtu HDP v turizme. Predpoveď rastu HDP z cestovného ruchu na Slovensku a v Slovinsku. Príjmy pre Bratislavu a Portorož z cestovného ruchu, počty turistov a objem daňových únikov.

Gespeichert in:
Bibliographische Detailangaben
1. Verfasser: Novacká, Ľudmila, 1953-
Weitere Verfasser: Ivanković, Gordana
Format: Buchkapitel
Sprache:Englisch
Schlagworte:
Tags: Tag hinzufügen
Keine Tags, Fügen Sie das erste Tag hinzu!

MARC

LEADER 00000naa$a2200000$$$4500
001 0196120
005 20240502073315.7
041 0 |a eng 
044 |a SK 
245 1 0 |a Economic Impacts of Travel and Tourism in Two CEE Destinations  |c Ľudmila Novacká, Gordana Ivanković 
520 |a Metodológia výpočtu HDP v turizme. Predpoveď rastu HDP z cestovného ruchu na Slovensku a v Slovinsku. Príjmy pre Bratislavu a Portorož z cestovného ruchu, počty turistov a objem daňových únikov. 
610 2 0 |a politika ruchu cestovného 
610 2 0 |a ruch cestovný 
610 2 0 |a multiplikátor 
610 2 0 |a únik daňový 
610 2 0 |a výdavky obyvateľstva 
100 1 |a Novacká, Ľudmila, 1953- 
700 1 |a Ivanković, Gordana